00333nam a2200133 a 45000010010000000030011000100080041000210350026000620820014000881000020001022450022001222600034001446500021001780000-8571ELIB.Books110520 1979  a(ELIB.Books)0000-8717 a170 bMen aMenninger, Karl aThe Vital Balance bEngland: Penguin Books c1979 aMoral Philosophy